Význam práce interného audítora pri riadení dlhodobého majetku v podnikateľskej jednotke diplomová práca

Na minha lista:
Detalhes bibliográficos
Autor principal: Franeková, Veronika
Autor Corporativo: Fakulta hospodárskej informatiky EU. Katedra účtovníctva a audítorstva
Outros Autores: Vépyová, Mária
Formato: Livro
Idioma:eslovaco
Publicado em: Bratislava 2014
Tags: Adicionar Tag
Sem tags, seja o primeiro a adicionar uma tag!

MARC

LEADER 00000nbm a2200000 4500
001 0188652
005 20170201105148.4
041 0 |a slo 
044 |a SK 
245 1 0 |a Význam práce interného audítora pri riadení dlhodobého majetku v podnikateľskej jednotke  |b diplomová práca  |c Veronika Franeková ; školiteľ: Mária Vépyová 
264 1 |a Bratislava  |c 2014 
300 |a 76 s. 
100 1 |a Franeková, Veronika 
700 1 |a Vépyová, Mária 
710 2 |a Fakulta hospodárskej informatiky EU. Katedra účtovníctva a audítorstva